Chikn Nuggit: Characters by Picture - Statistics

General Stats
  • This quiz has been taken 35 times
  • The average score is 10 of 12
Answer Stats
Picture Answer % Correct
Chikn Nuggit
100%
Cheezborger
96%
Iscream
96%
Fwench Fwy
89%
Slushi
89%
Sody Pop
89%
Cofi
86%
Old Pea
86%
Hawt Saus
82%
Bezel
75%
Milkshek
71%
Sassparilla
71%
No matching quizzes found
Score Distribution
Percent of People with Each Score
Percentile by Number Answered
Your Score History
You have not taken this quiz